| 000 | 01154nmm a2200277 a 4500 | ||
|---|---|---|---|
| 001 | ocm0001221716 | ||
| 003 | TR-IsHL | ||
| 005 | 20201028155435.0 | ||
| 008 | 110704s1994 tu tur | ||
| 007 | cr cn | ||
| 035 |
_a1221716 _b(N$T) |
||
| 050 | 0 | 4 |
_aHC404.5 _bM35 1994 |
| 090 | 0 | 4 |
_aHC404.5 _bM35 1994 |
| 245 | 1 | 0 |
_aMakedonya ihracat pazar araştırması _h[electronic resource] / _chaz. Mualla Bilgin |
| 260 |
_aİstanbul : _bİstanbul Ticaret Odası, _c1994 |
||
| 300 | _a106 p. | ||
| 500 |
_aBalkan ülkelerinin, günümüzde siyasi çekişmelere ve sosyal çalkantılara sahne olurken, yeniden yapılanma ve dünya ülkeleriyle entegrasyon sürecinde ekonomide de yeni denge arayışları devam etmektedir. _x |
||
| 650 | 4 | _aEkonomi ve Finans | |
| 650 | 4 | _aEconomics and Finance | |
| 650 | 0 |
_aMakedonya (Cumhuriyet) _x Ekonomi politikası |
|
| 650 | 0 |
_aMacedonia _x Economic policy |
|
| 650 | 0 |
_aMarketing survey _x Macedonia |
|
| 650 | 7 |
_aBUSINESS & ECONOMICS / Economic Conditions _2bisacsh |
|
| 700 | 1 | _aBilgin, Mualla | |
| 856 | 4 | 0 | _uhttp://search.ebscohost.com/login.aspx?direct=true&scope=site&db=e011xww&AN=1221716 |
| 999 |
_c13085 _d13085 |
||